[Event "PRO League Central 2017"]
[Site "chess.com INT"]
[Date "2017.01.25"]
[Round "3"]
[White "O'Donnell, Conor"]
[Black "Daulyte, Deimante"]
[Result "0-1"]
[WhiteTitle "FM"]
[BlackTitle "IM"]
[WhiteElo "2342"]
[BlackElo "2447"]
[WhiteTeam "Dublin Desperados"]
[BlackTeam "Cannes Blockbusters"]
[WhiteFideId "2504243"]
[BlackFideId "12802859"]
[EventDate "2017.01.11"]

1. d4 d5 2. c4 e6 3. Nc3 Bb4 4. Qa4+ Nc6 5. e3 Nf6 6. Nf3 O-O 7. Qc2 dxc4 8.
Bxc4 Bd6 9. O-O e5 10. h3 a6 11. a3 Qe7 12. d5 Nb8 13. e4 Bc5 14. b4 Ba7 15. Ne2
c6 16. Bb2 Nbd7 17. Ng3 g6 18. dxc6 bxc6 19. Rad1 c5 20. Qb3 cxb4 21. axb4 Rb8
22. Ba3 Bb7 23. Rfe1 Kg7 24. h4 Ng4 25. Re2 Ndf6 26. h5 Rfd8 27. Rxd8 Rxd8 28.
b5 Qc7 29. Ng5 Nxf2 30. h6+ Kxh6 31. Nxf7+ Kg7 32. Nxd8 N2xe4+ 33. Kf1 Qxd8 34.
bxa6 Nxg3+ 35. Qxg3 Qd4 36. Ke1 Qa1+ 37. Kd2 Ne4+ 38. Rxe4 Bxe4 39. Bd6 Qd4+ 40.
Ke1 Qxd6 41. Qb3 Qd4 42. Bg8 Qg1+ 43. Kd2 Qxg2+ 44. Kc1 Qf1+ 45. Kb2 Qe2+ 46.
Ka3 Bc5+ 47. Ka4 Qxa6# 0-1

[Event "PRO League Central 2017"]
[Site "chess.com INT"]
[Date "2017.01.25"]
[Round "3"]
[White "O'Donnell, Conor"]
[Black "Daulyte, Deimante"]
[Result "1/2-1/2"]
[WhiteTitle "FM"]
[BlackTitle "IM"]
[WhiteElo "2342"]
[BlackElo "2447"]
[WhiteTeam "Dublin Desperados"]
[BlackTeam "Cannes Blockbusters"]
[WhiteFideId "2504243"]
[BlackFideId "12802859"]
[EventDate "2017.01.11"]

1. d4 d5 2. c4 e6 3. Nc3 Bb4 4. Qa4+ Nc6 5. e3 Nf6 6. Nf3 O-O 7. Bd2 a6 8. a3
Bxc3 9. Bxc3 Ne4 10. Qc2 f5 11. Bd3 Bd7 12. O-O Be8 13. Nd2 Qg5 14. cxd5 exd5
15. Qb3 Nxd2 16. Bxd2 Rd8 17. Qxb7 Rf7 18. Qxa6 Rd6 19. Qa8 Rf8 20. f4 Qh5 21.
Rac1 Rh6 22. h3 Rg6 1/2-1/2

[Event "PRO League Central 2017"]
[Site "chess.com INT"]
[Date "2017.01.25"]
[Round "3"]
[White "O'Donnell, Conor"]
[Black "Cornette, Matthieu"]
[Result "0-1"]
[WhiteTitle "FM"]
[BlackTitle "GM"]
[WhiteElo "2342"]
[BlackElo "2586"]
[WhiteTeam "Dublin Desperados"]
[BlackTeam "Cannes Blockbusters"]
[WhiteFideId "2504243"]
[BlackFideId "620084"]
[EventDate "2017.01.11"]

1. d4 Nf6 2. c4 g6 3. g3 Bg7 4. Bg2 O-O 5. Nc3 d6 6. Nf3 Nc6 7. O-O e5 8. dxe5
dxe5 9. Bg5 Be6 10. Qa4 Qc8 11. Nd2 Bd7 12. Bxf6 Bxf6 13. Nde4 Bg7 14. Nd5 Kh8
15. e3 f5 16. Nc5 Be8 17. Nb4 Nd8 18. Qa3 e4 19. Rfd1 b6 20. Nb3 c6 21. Nc2 c5
22. Nc1 Nc6 23. Ne2 Na5 24. b3 Bxa1 25. Rxa1 Qe6 26. Nf4 Qe5 27. Rd1 Bf7 28. Rd7
Rad8 29. Rxa7 Rd1+ 30. Bf1 Qc3 31. Rxa5 Qxa5 32. Qb2+ Kg8 33. Qe5 Re8 34. Qf6
Qd2 0-1

[Event "PRO League Central 2017"]
[Site "chess.com INT"]
[Date "2017.01.25"]
[Round "3"]
[White "Lapite, Oluwadurotimi"]
[Black "Ghasi, Ameet K"]
[Result "0-1"]
[BlackTitle "IM"]
[WhiteElo "2067"]
[BlackElo "2455"]
[WhiteTeam "Lagos Leatherbacks"]
[BlackTeam "London Towers"]
[WhiteFideId "8503648"]
[BlackFideId "409200"]
[EventDate "2017.01.11"]

1. e4 c5 2. Nf3 e6 3. c3 Nf6 4. e5 Nd5 5. Bc4 Nb6 6. Bb3 Nc6 7. O-O c4 8. Bc2 g5
9. Re1 Bg7 10. d4 cxd3 11. Qxd3 g4 12. Ng5 Nxe5 13. Qg3 d6 14. f4 gxf3 15. Nxe6
Bxe6 16. Qxg7 Kd7 17. Rd1 Nbc4 18. Bxh7 Qh4 0-1

[Event "PRO League Central 2017"]
[Site "chess.com INT"]
[Date "2017.01.25"]
[Round "3"]
[White "Lapite, Oluwadurotimi"]
[Black "Rendle, Thomas E"]
[Result "0-1"]
[BlackTitle "IM"]
[WhiteElo "2067"]
[BlackElo "2356"]
[WhiteTeam "Lagos Leatherbacks"]
[BlackTeam "London Towers"]
[WhiteFideId "8503648"]
[BlackFideId "408760"]
[EventDate "2017.01.11"]

1. e4 e6 2. d4 d5 3. e5 c5 4. c3 Qb6 5. Nf3 Nc6 6. a3 c4 7. Nbd2 Na5 8. g3 Bd7
9. h4 O-O-O 10. Ng5 Nh6 11. Qf3 Be7 12. Qd1 f6 13. Ngf3 Ng4 14. Bh3 h5 15. O-O
Rdf8 16. a4 Rf7 17. Qc2 Rhf8 18. Qg6 fxe5 19. Bxg4 hxg4 20. Nxe5 Rf5 21. Qxg7
Qd8 22. f4 Rg8 23. Qh7 Rh8 24. Qg7 Rg8 25. Qh7 Qe8 26. b4 cxb3 27. Ba3 Bxa3 28.
Rxa3 Rh8 29. Qxd7+ Qxd7 30. Nxd7 Kxd7 31. Nxb3 Nc4 32. Nc5+ Kd6 33. Rb3 b6 34.
Nd3 Nd2 35. Rbb1 Nxb1 36. Rxb1 Rc8 37. Rb3 Rf7 38. Nb2 Rfc7 39. Nd1 Rc4 40. Kf2
Rxa4 41. Ne3 Ra2+ 42. Kg1 Rd2 0-1

[Event "PRO League Central 2017"]
[Site "chess.com INT"]
[Date "2017.01.25"]
[Round "3"]
[White "Klein, David"]
[Black "Gozzoli, Yannick"]
[Result "1/2-1/2"]
[WhiteTitle "GM"]
[BlackTitle "GM"]
[WhiteElo "2509"]
[BlackElo "2583"]
[WhiteTeam "Amsterdam Mosquitos"]
[BlackTeam "Marseille Migraines"]
[WhiteFideId "1003623"]
[BlackFideId "616915"]
[EventDate "2017.01.11"]

1. e4 e5 2. Nf3 Nc6 3. Bb5 a6 4. Ba4 Nf6 5. d3 b5 6. Bb3 Be7 7. O-O O-O 8. Nc3
d6 9. a3 Nb8 10. Ne2 Be6 11. Bxe6 fxe6 12. a4 Nc6 13. axb5 axb5 14. Rxa8 Qxa8
15. Ng5 Nd8 16. f4 Qa7+ 17. Kh1 Ng4 18. Nh3 Ne3 19. Bxe3 Qxe3 20. Rf3 Qa7 21.
fxe5 dxe5 22. Rxf8+ Bxf8 23. Ng5 Bd6 24. Nc3 b4 25. Nb1 Qa1 26. b3 h6 27. Nf3
Nc6 28. Kg1 Nd4 29. Nxd4 Qxd4+ 30. Kh1 Qa1 31. Qf1 Qb2 32. Qd1 Qa1 33. Qf1 Qb2
34. Qd1 Qa1 35. Qf1 1/2-1/2

[Event "PRO League Central 2017"]
[Site "chess.com INT"]
[Date "2017.01.25"]
[Round "3"]
[White "Klein, David"]
[Black "Moussard, Jules"]
[Result "0-1"]
[WhiteTitle "GM"]
[BlackTitle "GM"]
[WhiteElo "2509"]
[BlackElo "2576"]
[WhiteTeam "Amsterdam Mosquitos"]
[BlackTeam "Marseille Migraines"]
[WhiteFideId "1003623"]
[BlackFideId "642908"]
[EventDate "2017.01.11"]

1. e4 g6 2. d4 Bg7 3. Nc3 a6 4. Nf3 d6 5. Be2 Nc6 6. O-O Nf6 7. d5 Ne5 8. Nd4 c5
9. dxc6 Nxc6 10. Be3 O-O 11. Nb3 Bd7 12. a4 Na5 13. Nd2 Rc8 14. Ra3 Be6 15. Bd3
Ng4 16. Bf4 Qb6 17. Qc1 Ne5 18. Be3 Qb4 19. h3 Nxd3 20. cxd3 Rc6 21. Nf3 Nb3 22.
Rxb3 Bxb3 23. Bd2 Qc5 24. Bh6 Bxa4 25. d4 Qh5 26. Bxg7 Kxg7 27. Qa1 Bb3 28. Re1
Rfc8 29. Kh2 Qh6 30. Kg3 e5 31. Kh2 Qf4+ 32. Kg1 Be6 33. Re3 Rc4 34. dxe5 dxe5
35. Qa5 R8c5 36. Qa3 a5 37. Nd2 Rb4 38. Nf3 b6 39. Ne2 Qf6 40. Nc3 h5 41. Kh2 g5
42. Kg1 g4 43. hxg4 hxg4 44. Nh2 Rd4 45. Qa1 Rc8 46. Nf1 Rh8 47. Ng3 Qh4 48. f4
exf4 49. Nd5 fxe3 50. b4 Qh2+ 51. Kf1 Qh1+ 52. Nxh1 Rxh1+ 53. Ke2 Rxa1 54. Nxb6
Rxb4 55. Na8 Ra3 56. e5 Rb2+ 57. Ke1 Ra1# 0-1

[Event "PRO League Central 2017"]
[Site "chess.com INT"]
[Date "2017.01.25"]
[Round "3"]
[White "Zwirs, Nico"]
[Black "Sebastian, Dirk"]
[Result "1-0"]
[WhiteElo "2395"]
[BlackElo "2445"]
[WhiteTeam "Apeldoorn Apes"]
[BlackTeam "Hamburg Swashbucklers"]
[WhiteFideId "1036432"]
[BlackFideId "4637607"]
[EventDate "2017.01.11"]

1. e4 g6 2. d4 Bg7 3. Nc3 d6 4. f4 Nf6 5. Nf3 c5 6. Bb5+ Bd7 7. e5 Ng4 8. Bxd7+
Qxd7 9. h3 cxd4 10. Qxd4 Nh6 11. Qf2 O-O 12. Bd2 Nc6 13. O-O-O Rac8 14. g4 Qe6
15. f5 gxf5 16. g5 dxe5 17. gxh6 Bxh6 18. Bxh6 Qxh6+ 19. Kb1 Kh8 20. Rhe1 e4 21.
Nd4 e6 22. Nxc6 bxc6 23. Rd7 Rb8 24. Qxa7 Qf6 25. Qd4 Qxd4 26. Rxd4 Rfd8 27.
Rxd8+ Rxd8 28. Kc1 Kg7 29. Rf1 Kg6 30. a4 e5 31. a5 e3 32. Rd1 Ra8 33. Rd6+ Kg5
34. b4 f4 35. Kd1 f3 36. Ke1 Rg8 37. a6 Kf5 38. Kf1 e2+ 39. Nxe2 fxe2+ 40. Kxe2
Ke4 41. Rxc6 Rg2+ 42. Kd1 f5 43. a7 Rg1+ 44. Kd2 Ra1 45. Rc7 Kd5 46. b5 f4 47.
b6 Kd6 48. Rxh7 e4 49. b7 e3+ 50. Ke2 1-0

[Event "PRO League Central 2017"]
[Site "chess.com INT"]
[Date "2017.01.25"]
[Round "3"]
[White "Zwirs, Nico"]
[Black "Sebastian, Dirk"]
[Result "1-0"]
[WhiteElo "2395"]
[BlackElo "2445"]
[WhiteTeam "Apeldoorn Apes"]
[BlackTeam "Hamburg Swashbucklers"]
[WhiteFideId "1036432"]
[BlackFideId "4637607"]
[EventDate "2017.01.11"]

1. e4 e5 2. Nf3 Nc6 3. Bc4 Bc5 4. c3 Nf6 5. d3 a6 6. Nbd2 Ba7 7. Bb3 O-O 8. h3
h6 9. O-O d6 10. Re1 Re8 11. Nf1 Be6 12. Ng3 Bxb3 13. Qxb3 Qd7 14. Be3 Bxe3 15.
fxe3 d5 16. exd5 Qxd5 17. Ne4 Qxb3 18. Nxf6+ gxf6 19. axb3 Rad8 20. d4 Kh7 21.
Kf2 Rg8 22. Nh4 Ne7 23. Rf1 Rg5 24. Kg1 Ng6 25. Nf3 Rh5 26. g4 Rxh3 27. Kg2 Rxf3
28. Kxf3 Kg7 29. Kg3 Re8 30. Rf3 Re6 31. b4 Ne7 32. Rh1 e4 33. Rff1 Kg6 34. Rh5
Rb6 35. Rfh1 Ng8 36. Kf4 Re6 37. d5 Re8 38. c4 Kg7 39. b3 Re7 40. Rd1 Kg6 41.
Rd4 f5 42. Rxf5 Nf6 43. d6 cxd6 44. Rxd6 Re6 45. Rxe6 fxe6 46. Rc5 1-0

[Event "PRO League Central 2017"]
[Site "chess.com INT"]
[Date "2017.01.25"]
[Round "3"]
[White "Zwirs, Nico"]
[Black "Svane, Rasmus"]
[Result "1-0"]
[BlackTitle "GM"]
[WhiteElo "2395"]
[BlackElo "2560"]
[WhiteTeam "Apeldoorn Apes"]
[BlackTeam "Hamburg Swashbucklers"]
[WhiteFideId "1036432"]
[BlackFideId "4657101"]
[EventDate "2017.01.11"]

1. e4 e6 2. d4 d5 3. Nc3 Nf6 4. e5 Nfd7 5. f4 c5 6. Nf3 Be7 7. Be3 a6 8. Qd2 b5
9. a3 Bb7 10. Be2 O-O 11. O-O Nc6 12. Kh1 Rc8 13. Rae1 Qc7 14. f5 cxd4 15. Nxd4
Nxd4 16. Bxd4 exf5 17. Rxf5 Nc5 18. Bd3 Ne4 19. Qe3 Bc5 20. Bxc5 Qxc5 21. Qf3 b4
22. axb4 Qxb4 23. Rf1 Nd2 24. Qh3 g6 25. R5f4 Qxb2 26. Bxg6 hxg6 27. Rh4 f5 28.
Rh8+ Kf7 29. Rxf5+ Ke7 30. Rh7+ Ke8 31. Rxf8+ Kxf8 32. Qh6+ Ke8 33. Qxg6+ Kd8
34. Qg8# 1-0

[Event "PRO League Central 2017"]
[Site "chess.com INT"]
[Date "2017.01.25"]
[Round "3"]
[White "Daulyte, Deimante"]
[Black "Astaneh Lopez, Alex"]
[Result "0-1"]
[WhiteTitle "IM"]
[BlackTitle "IM"]
[WhiteElo "2447"]
[BlackElo "2417"]
[WhiteTeam "Cannes Blockbusters"]
[BlackTeam "Dublin Desperados"]
[WhiteFideId "12802859"]
[BlackFideId "2501430"]
[EventDate "2017.01.11"]

1. e4 c6 2. d4 d5 3. e5 c5 4. dxc5 e6 5. a3 Nc6 6. Nf3 Bxc5 7. b4 Bb6 8. Bd3
Nge7 9. Bb2 Ng6 10. O-O O-O 11. g3 f6 12. exf6 gxf6 13. c4 Nce5 14. Nxe5 Nxe5
15. c5 Nxd3 16. Qxd3 Bc7 17. f4 a5 18. Nc3 axb4 19. axb4 Rxa1 20. Bxa1 Bd7 21.
Re1 Re8 22. Rd1 b6 23. f5 bxc5 24. Nxd5 exd5 25. Qxd5+ Kf8 26. Qxd7 Re1+ 27. Kg2
Rxd1 28. Qxh7 Qd5+ 29. Kh3 Rxa1 30. Qh8+ Ke7 31. Qc8 Qd7 32. Qg8 Qxf5+ 33. g4
Ra3+ 34. Kh4 Qg5+ 0-1

[Event "PRO League Central 2017"]
[Site "chess.com INT"]
[Date "2017.01.25"]
[Round "3"]
[White "Daulyte, Deimante"]
[Black "Collins, Sam E."]
[Result "1/2-1/2"]
[WhiteTitle "IM"]
[BlackTitle "IM"]
[WhiteElo "2447"]
[BlackElo "2455"]
[WhiteTeam "Cannes Blockbusters"]
[BlackTeam "Dublin Desperados"]
[WhiteFideId "12802859"]
[BlackFideId "2501198"]
[EventDate "2017.01.11"]

1. e4 e5 2. Nf3 Nc6 3. Bc4 Nf6 4. d3 Be7 5. O-O O-O 6. Re1 d6 7. a4 Na5 8. Ba2
c5 9. c3 Nc6 10. Na3 a6 11. Nc2 h6 12. Ne3 Re8 13. h3 Bf8 14. Nh2 Be6 15. Qf3
Bxa2 16. Rxa2 b5 17. Nf5 b4 18. Ng4 Nxg4 19. Qxg4 Kh7 20. Re3 g6 21. Rg3 bxc3
22. bxc3 Rb8 23. Ra1 h5 24. Qf3 Qd7 25. Bg5 Re6 26. Bh4 Rb3 27. Rc1 c4 28. dxc4
Nd4 29. Qd1 gxf5 30. cxd4 Rxg3 31. fxg3 fxe4 32. Qxh5+ Rh6 33. Qe2 f5 34. dxe5
dxe5 35. Bg5 Bc5+ 36. Kh2 Rg6 37. Qh5+ Kg7 38. Rd1 Bd4 39. Be3 a5 40. c5 Qxa4
41. Bxd4 exd4 42. Rb1 Qd7 43. Rb8 Rh6 44. Qg5+ Rg6 45. Qh5 Rh6 46. Qg5+ Rg6 47.
Qh5 1/2-1/2

[Event "PRO League Central 2017"]
[Site "chess.com INT"]
[Date "2017.01.25"]
[Round "3"]
[White "Jensson, Einar Hjalti"]
[Black "Makaj, Marko"]
[Result "1-0"]
[WhiteTitle "IM"]
[BlackTitle "FM"]
[WhiteElo "2386"]
[BlackElo "2332"]
[WhiteTeam "Reykjavik Puffins"]
[BlackTeam "Abuja RockStars"]
[WhiteFideId "2301067"]
[BlackFideId "14508141"]
[EventDate "2017.01.11"]

1. e4 c5 2. Nf3 Nc6 3. Bb5 g6 4. Bxc6 dxc6 5. h3 Bg7 6. O-O e5 7. d3 Qe7 8. b3
Nf6 9. Be3 Nd7 10. Qd2 h6 11. a4 Nf8 12. a5 Ne6 13. c3 g5 14. g3 Nf4 15. gxf4
gxf4 16. Kh2 fxe3 17. fxe3 Be6 18. Na3 Bxb3 19. c4 b5 20. Rg1 Bf6 21. Rab1 Ba4
22. cxb5 cxb5 23. Nxb5 Qd7 24. Qb2 Bxb5 25. Qxb5 Qxb5 26. Rxb5 Rd8 27. Rd1 c4
28. d4 exd4 29. exd4 O-O 30. e5 Bg7 31. Rb7 c3 32. Rc1 Rc8 33. Rxa7 c2 34. Rb7
Rc3 35. Ne1 Ra8 36. Rxc2 Re3 37. Ng2 Rd3 38. Rc4 Rxa5 39. Rc8+ Kh7 40. Rxf7 Ra6
41. Rcc7 Rg6 42. Rf6 Rg5 43. h4 Rg4 44. Rf4 Rg6 45. Rc2 h5 46. Re4 Rxd4 47. Rxd4
Bxe5+ 48. Rf4 Rg4 49. Rc4 Kg6 50. Kh3 Bxf4 51. Rxf4 1-0

[Event "PRO League Central 2017"]
[Site "chess.com INT"]
[Date "2017.01.25"]
[Round "3"]
[White "Agrest, Evgenij"]
[Black "Haria, Ravi"]
[Result "0-1"]
[WhiteTitle "GM"]
[BlackTitle "FM"]
[WhiteElo "2593"]
[BlackElo "2382"]
[WhiteTeam "Stockholm Snowballs"]
[BlackTeam "London Lions"]
[WhiteFideId "1705024"]
[BlackFideId "415820"]
[EventDate "2017.01.11"]

1. d4 e6 2. Bf4 Nf6 3. e3 c5 4. Nd2 b6 5. Ngf3 Bb7 6. Bd3 Be7 7. h3 cxd4 8. exd4
d6 9. Qe2 a6 10. O-O O-O 11. Rfe1 Nbd7 12. Rad1 Re8 13. Bh2 Qc8 14. c3 Bc6 15.
Ng5 Nf8 16. Nge4 Nxe4 17. Nxe4 Rd8 18. f3 Ng6 19. Kh1 Qb7 20. Bc2 Rac8 21. Bb3
b5 22. Nf2 Bd5 23. Nd3 Bh4 24. Rf1 Bc4 25. f4 Ne7 26. Qf3 Bd5 27. Bxd5 Qxd5 28.
g3 Bf6 29. g4 g6 30. Rde1 Bg7 31. Qxd5 Nxd5 32. f5 exf5 33. gxf5 a5 34. a3 Rd7
35. Nf4 Nxf4 36. Bxf4 d5 37. Bd2 Bf8 38. Re4 dxe4 0-1

[Event "PRO League Central 2017"]
[Site "chess.com INT"]
[Date "2017.01.25"]
[Round "3"]
[White "Agrest, Evgenij"]
[Black "Adair, James R"]
[Result "1-0"]
[WhiteTitle "GM"]
[BlackTitle "IM"]
[WhiteElo "2593"]
[BlackElo "2480"]
[WhiteTeam "Stockholm Snowballs"]
[BlackTeam "London Lions"]
[WhiteFideId "1705024"]
[BlackFideId "406252"]
[EventDate "2017.01.11"]

1. d4 Nf6 2. Bf4 e6 3. e3 c5 4. Nd2 d5 5. c3 Bd6 6. Bg3 O-O 7. Ngf3 b6 8. Ne5
Qc7 9. Bd3 Ba6 10. Bb1 Nc6 11. f4 Nd7 12. Qa4 Bb7 13. O-O f6 14. Qc2 f5 15. Bh4
Rac8 16. Qa4 Ndxe5 17. fxe5 Be7 18. Bxe7 Qxe7 19. Nf3 g5 20. Bd3 c4 21. Be2 a6
22. Qc2 b5 23. a3 Rc7 24. Rf2 Bc8 25. Raf1 Bd7 26. Nd2 Be8 27. g4 Bg6 28. gxf5
Rxf5 29. Rxf5 Bxf5 30. e4 dxe4 31. Nxe4 Qg7 32. Rxf5 exf5 33. Nf6+ Kh8 34. Qxf5
Ne7 35. Qe4 Qg6 36. Qa8+ Rc8 37. Qb7 Qb1+ 38. Bf1 1-0

[Event "PRO League Central 2017"]
[Site "chess.com INT"]
[Date "2017.01.25"]
[Round "3"]
[White "Makaj, Marko"]
[Black "Gunnarsson, Jon Viktor"]
[Result "1/2-1/2"]
[WhiteTitle "FM"]
[BlackTitle "IM"]
[WhiteElo "2332"]
[BlackElo "2450"]
[WhiteTeam "Abuja RockStars"]
[BlackTeam "Reykjavik Puffins"]
[WhiteFideId "14508141"]
[BlackFideId "2300931"]
[EventDate "2017.01.11"]

1. d4 e6 2. Nf3 f5 3. Nc3 d5 4. Bf4 Nf6 5. e3 Bd6 6. Be2 O-O 7. O-O Ne4 8. Nxe4
fxe4 9. Ne5 Nd7 10. Nxd7 Bxd7 11. Bxd6 cxd6 12. f3 exf3 13. Rxf3 Qb6 14. b3 Rxf3
15. Bxf3 Rc8 16. Qd2 Qc7 17. Rc1 b5 18. c3 a5 19. a3 1/2-1/2

[Event "PRO League Central 2017"]
[Site "chess.com INT"]
[Date "2017.01.25"]
[Round "3"]
[White "Makaj, Marko"]
[Black "Johannesson, Ingvar Thor"]
[Result "0-1"]
[WhiteTitle "FM"]
[BlackTitle "FM"]
[WhiteElo "2332"]
[BlackElo "2377"]
[WhiteTeam "Abuja RockStars"]
[BlackTeam "Reykjavik Puffins"]
[WhiteFideId "14508141"]
[BlackFideId "2301490"]
[EventDate "2017.01.11"]

1. d4 Nf6 2. Bg5 e6 3. Nd2 h6 4. Bh4 d6 5. e4 g5 6. Bg3 Nc6 7. c3 Bg7 8. Be2 Qe7
9. h4 Bd7 10. hxg5 hxg5 11. Rxh8+ Bxh8 12. Nh3 Nh7 13. Bd3 O-O-O 14. Qh5 f5 15.
exf5 exf5+ 16. Kf1 Bf6 17. Qg6 Nf8 18. Qh5 Qg7 19. Re1 Ne7 20. f4 Be8 21. Qe2 g4
22. Ng5 Bd7 23. Bc4 Bxg5 24. fxg5 Neg6 25. Qf2 Nh7 26. Bd3 Nxg5 27. Kg1 Rf8 28.
Bf4 Nxf4 29. Qxf4 Nh3+ 30. gxh3 gxh3+ 31. Kf2 Qg2+ 32. Ke3 Re8+ 33. Be4 h2 34.
Qh4 fxe4 35. d5 Bh3 36. Qh5 Qg3+ 37. Nf3 Qxf3+ 38. Qxf3 exf3+ 39. Kf2 Rxe1 0-1

[Event "PRO League Central 2017"]
[Site "chess.com INT"]
[Date "2017.01.25"]
[Round "3"]
[White "Meier, Georg"]
[Black "Fernandez, Daniel Howard"]
[Result "1-0"]
[WhiteTitle "GM"]
[BlackTitle "IM"]
[WhiteElo "2630"]
[BlackElo "2473"]
[WhiteTeam "Stockholm Snowballs"]
[BlackTeam "London Lions"]
[WhiteFideId "4675789"]
[BlackFideId "5801605"]
[EventDate "2017.01.11"]

1. Nf3 Nf6 2. g3 b5 3. Bg2 Bb7 4. O-O e6 5. d3 d5 6. c4 dxc4 7. dxc4 Qxd1 8.
Rxd1 b4 9. Bf4 Bd6 10. Bxd6 cxd6 11. Rxd6 Nbd7 12. Nd4 Ke7 13. Rxd7+ Kxd7 14.
Bxb7 Rab8 15. Bg2 Kc7 16. Nd2 Rhd8 17. N2b3 Rb6 18. a4 e5 19. c5 Ra6 20. Nb5+
Kb8 21. c6 Ne8 22. Nc5 Ra5 23. Nb7 Rxb5 24. axb5 Rd2 25. Nc5 Nc7 26. Nd7+ Kc8
27. b6 axb6 28. Nxb6+ Kd8 29. Nc4 Rc2 30. Rd1+ Kc8 31. b3 f6 32. e3 Nb5 33. Rd7
Rc1+ 34. Bf1 Nc7 35. Rxg7 Kb8 36. Rxh7 Rb1 37. Na5 Ra1 38. Nb7 Rb1 39. Nc5 Rc1
40. Nd7+ Ka7 41. Nxf6 Kb6 42. Nd7+ Kxc6 43. Nxe5+ Kd5 44. Nd3 1-0

[Event "PRO League Central 2017"]
[Site "chess.com INT"]
[Date "2017.01.25"]
[Round "3"]
[White "Meier, Georg"]
[Black "Zhou, Yang-Fan"]
[Result "1-0"]
[WhiteTitle "GM"]
[BlackTitle "IM"]
[WhiteElo "2630"]
[BlackElo "2462"]
[WhiteTeam "Stockholm Snowballs"]
[BlackTeam "London Lions"]
[WhiteFideId "4675789"]
[BlackFideId "468584"]
[EventDate "2017.01.11"]

1. Nf3 g6 2. d4 Bg7 3. g3 d6 4. Bg2 Nd7 5. O-O e5 6. dxe5 dxe5 7. Nc3 Ngf6 8.
Nd2 O-O 9. Nc4 Rb8 10. a4 b6 11. Nb5 a6 12. Na7 Bb7 13. Nc6 Bxc6 14. Bxc6 Qe7
15. b3 Qe6 16. Bg2 h5 17. Bg5 Rfe8 18. e4 Nc5 19. Qe2 Rbd8 20. f3 Rd4 21. Be3
Rxc4 22. Qxc4 Qxc4 23. bxc4 Nb7 24. c5 Nxc5 25. Bxc5 bxc5 26. Rfd1 Bf8 27. Bf1
g5 28. Bxa6 g4 29. Kg2 Rb8 30. Bd3 gxf3+ 31. Kxf3 Ne8 32. a5 Nd6 33. Rdb1 Ra8
34. Ra4 Ra7 35. a6 f6 36. Rb8 Kf7 37. Bb5 f5 38. exf5 Nxf5 39. c3 Bd6 40. Bc6
Ne7 41. Be4 c6 42. Rb7 Ra8 43. a7 Ke6 44. Rxe7+ 1-0

[Event "PRO League Central 2017"]
[Site "chess.com INT"]
[Date "2017.01.25"]
[Round "3"]
[White "Kigigha, Bomo"]
[Black "Karlsson, Bjorn-Ivar"]
[Result "0-1"]
[WhiteTitle "FM"]
[BlackTitle "FM"]
[WhiteElo "2339"]
[BlackElo "2315"]
[WhiteTeam "Abuja Rockstars"]
[BlackTeam "Reykjavik Puffins"]
[WhiteFideId "8500037"]
[BlackFideId "2301687"]
[EventDate "2017.01.11"]

1. c4 e5 2. g3 c6 3. Bg2 Nf6 4. Nf3 e4 5. Nd4 d5 6. cxd5 Qxd5 7. Nc2 Qh5 8. h3
Na6 9. Nc3 Qg6 10. Ne3 Bc5 11. Qa4 b5 12. Qc2 Nb4 13. Qb1 Bxe3 14. dxe3 Bf5 15.
g4 h5 16. gxf5 Qxg2 17. Rf1 O-O 18. Bd2 a5 19. a3 Nbd5 20. Nxd5 Nxd5 21. Qc2
Qxh3 22. Qxe4 Rfe8 23. Qf3 Qxf3 24. exf3 c5 25. Rh1 b4 26. Kf1 Red8 27. e4 Nb6
28. Be3 Rac8 29. axb4 axb4 30. Rc1 Na4 31. Kg2 c4 32. Rc2 b3 33. Re2 c3 34. bxc3
Rxc3 35. Rb1 b2 36. Kh3 Rb3 37. Kh4 Rdb8 38. Bd4 Rxf3 39. Kxh5 Rd3 40. Be3 Rdb3
41. Bd4 f6 42. e5 R8b4 43. Rd2 fxe5 44. Bxe5 Rb5 45. f4 Rb7 46. Rg2 Kf8 47. Kg6
R3b6+ 48. Kg5 Rb5 49. Rc2 R5b6 50. Rc8+ Kf7 51. Rc2 Rb3 52. Kg4 R3b6 53. Kf3
Rb3+ 54. Ke4 R3b4+ 55. Kd5 R4b5+ 56. Kd4 Rb4+ 57. Rc4 Rd7+ 58. Bd6 Rxd6+ 59. Ke5
Rxc4 60. Kxd6 Rc1 61. Rxb2 Nxb2 62. f6 gxf6 63. Kd5 Re1 0-1

[Event "PRO League Central 2017"]
[Site "chess.com INT"]
[Date "2017.01.25"]
[Round "3"]
[White "Kigigha, Bomo"]
[Black "Jensson, Einar Hjalti"]
[Result "0-1"]
[WhiteTitle "FM"]
[BlackTitle "IM"]
[WhiteElo "2339"]
[BlackElo "2386"]
[WhiteTeam "Abuja Rockstars"]
[BlackTeam "Reykjavik Puffins"]
[WhiteFideId "8500037"]
[BlackFideId "2301067"]
[EventDate "2017.01.11"]

1. c4 e5 2. g3 c6 3. Bg2 d5 4. Nf3 e4 5. Nd4 dxc4 6. Nc2 Nf6 7. Nc3 Bf5 8. Ne3
Qd7 9. Nxf5 Qxf5 10. Qc2 Bc5 11. O-O O-O 12. Nxe4 b5 13. Nxf6+ Qxf6 14. d3 Qe6
15. dxc4 bxc4 16. Bf4 Nd7 17. Rac1 Nb6 18. Qe4 Qxe4 19. Bxe4 Rac8 20. Rc2 Bd4
21. Rd1 c5 22. e3 Bf6 23. g4 g6 24. Rd6 Be7 25. Rc6 Rxc6 26. Bxc6 Rd8 27. Bb5
Rd1+ 28. Kg2 Ra1 29. a3 Bf6 30. g5 Bg7 31. Bd6 Ra2 32. Bxc4 Rxb2 33. Rc1 Rd2 34.
Bxc5 Bb2 35. Bxb6 Bxc1 36. Bxa7 Bxa3 37. Bd4 Be7 38. h4 h6 39. gxh6 Bxh4 40. h7+
Kxh7 41. Bxf7 Rxf2+ 42. Kh3 Rxf7 43. Kxh4 Kh6 44. Kg4 g5 45. e4 Rf4+ 0-1

[Event "PRO League Central 2017"]
[Site "chess.com INT"]
[Date "2017.01.25"]
[Round "3"]
[White "Sebastian, Dirk"]
[Black "Beerdsen, Thomas"]
[Result "0-1"]
[BlackTitle "FM"]
[WhiteElo "2445"]
[BlackElo "2413"]
[WhiteTeam "Hamburg Swashbucklers"]
[BlackTeam "Apeldoorn Apes"]
[WhiteFideId "4637607"]
[BlackFideId "1030108"]
[EventDate "2017.01.11"]

1. e4 e5 2. Nf3 Nc6 3. Bc4 Nf6 4. d3 h6 5. O-O d6 6. Re1 g5 7. d4 g4 8. dxe5
gxf3 9. exf6 Rg8 10. g3 Ne5 11. Bf1 Qxf6 12. Nc3 c6 13. Be3 h5 14. Qd2 h4 15.
Rad1 Be7 16. Bf4 Be6 17. b4 hxg3 18. fxg3 Ng4 19. Be3 Qh8 20. h3 Nxe3 21. Rxe3
Rxg3+ 22. Kh2 Rxh3+ 23. Bxh3 Qxh3+ 24. Kg1 Kd7 25. Qh2 f2+ 0-1